[Event "Novosibirsk Sukharev Memorial op"]
[Site "Novosibirsk"]
[Date "2011.07.18"]
[Round "1"]
[White "Misyakov, Ilya"]
[Black "Itkin, Alexander"]
[Result "1-0"]
[WhiteElo "2085"]
[BlackElo "2022"]
[PlyCount "57"]
[EventDate "2011.07.18"]
[EventType "swiss"]
[EventRounds "9"]
[EventCountry "RUS"]
[SourceTitle "EXT 2012"]
[Source "ChessBase"]
[SourceDate "2011.11.24"]
[SourceVersion "1"]
[SourceVersionDate "2011.11.24"]
[SourceQuality "1"]

1. d4 Nf6 2. c4 g6 3. Nc3 d5 4. Qb3 dxc4 5. Qxc4 Bg7 6. e4 Nfd7 7. Nf3 Nb6 8. Qb3 c6 9. Be3 Be6 10. Qc2 Na6 11. Bxa6 bxa6 12. b3 Rc8 13. 0-0 0-0 14. Rfd1 Bg4 15. Rac1 Qc7 16. Nb1 Qb7 17. Nbd2 Rfd8 18. h3 Bxf3 19. Nxf3 Nd7 20. Nd2 e5 21. Nc4 Qb4 22. Bg5 f6 23. Bd2 Qe7 24. Ba5 Rf8 25. Qd2 f5 26. Bb4 c5 27. dxc5 Nxc5 28. Qd5+ Kh8 29. Nd6 1-0

[Event "Novosibirsk Sukharev Memorial op"]
[Site "Novosibirsk"]
[Date "2010.07.19"]
[Round "2"]
[White "Misyakov, Ilya"]
[Black "Terchanyan, Zograb"]
[Result "1-0"]
[WhiteElo "2042"]
[BlackElo "1965"]
[PlyCount "73"]
[EventDate "2010.07.18"]
[EventType "swiss"]
[EventRounds "9"]
[EventCountry "RUS"]
[SourceTitle "EXT 2011"]
[Source "ChessBase"]
[SourceDate "2010.11.26"]
[SourceVersion "1"]
[SourceVersionDate "2010.11.26"]
[SourceQuality "1"]

1. d4 d5 2. c4 c6 3. Nc3 Nf6 4. Nf3 dxc4 5. a4 Bf5 6. e3 e6 7. Bxc4 Bb4 8. 0-0 0-0 9. Ne5 Nbd7 10. Nd3 Be7 11. a5 Nd5 12. Qe2 Nb4 13. e4 Nxd3 14. Bxd3 Bg6 15. Rd1 e5 16. d5 Nf6 17. a6 Bh5 18. f3 cxd5 19. exd5 Bc5+ 20. Be3 Qb6 21. Bxc5 Qxc5+ 22. Qf2 Qxf2+ 23. Kxf2 b6 24. Re1 Rfe8 25. Bb5 Re7 26. d6 Re6 27. g4 Bg6 28. g5 Ne8 29. Bxe8 Rexe8 30. Nb5 Rad8 31. Red1 Re6 32. Rac1 f6 33. Rc7 Bf5 34. d7 Re7 35. Rc8 Rxc8 36. dxc8Q+ Bxc8 37. Rd8+ 1-0

[Event "Koltsovo op"]
[Site "Koltsovo"]
[Date "2010.07.05"]
[Round "8"]
[White "Kamrukov, Alexey"]
[Black "Misyakov, Ilya"]
[Result "1/2-1/2"]
[WhiteElo "2022"]
[BlackElo "2042"]
[PlyCount "106"]
[EventDate "2010.06.28"]
[EventType "swiss"]
[EventRounds "9"]
[EventCountry "RUS"]
[SourceTitle "CBM 137 Extra"]
[Source "ChessBase"]
[SourceDate "2010.09.01"]
[SourceVersion "1"]
[SourceVersionDate "2010.09.01"]
[SourceQuality "1"]

1. d4 Nf6 2. Nf3 g6 3. g3 Bg7 4. Bg2 d5 5. 0-0 0-0 6. c4 c6 7. cxd5 cxd5 8. Nc3 Nc6 9. b3 Bf5 10. Bb2 Ne4 11. Rc1 Nxc3 12. Bxc3 Be4 13. Re1 Rc8 14. Bh3 e6 15. e3 Qf6 16. Nd2 Bf5 17. Bxf5 Qxf5 18. Qe2 Rfd8 19. Qb5 Rd7 20. Bb2 Rcd8 21. Ba3 e5 22. dxe5 Nxe5 23. Rf1 d4 24. Qa4 dxe3 25. fxe3 Qd3 26. Nc4 Nxc4 27. Qxc4 Qxe3+ 28. Kh1 b5 29. Qc6 h5 30. Rce1 Qg5 31. Re8+ Kh7 32. Rxd8 Rxd8 33. Bc5 Rd5 34. Bxa7 Qe5 35. Kg1 h4 36. gxh4 Qe4 37. Qc7 Qxh4 38. Qxf7 Rg5+ 39. Kh1 Qe4+ 40. Qf3 Qc2 41. Qh3+ Rh5 42. Qg2 Qc7 43. Rg1 Kh8 44. Bf2 Be5 45. Bg3 Bxg3 46. Qxg3 Qc6+ 47. Qg2 Qd6 48. a4 bxa4 49. bxa4 Kg7 50. Qb2+ Kh7 51. Qg2 Qa6 52. Qg3 Qe6 53. Qg2 Qa6 1/2-1/2

[Event "Koltsovo op"]
[Site "Koltsovo"]
[Date "2010.07.02"]
[Round "5"]
[White "Misyakov, Ilya"]
[Black "Beletsky, Alexey"]
[Result "1/2-1/2"]
[WhiteElo "2042"]
[BlackElo "2322"]
[PlyCount "108"]
[EventDate "2010.06.28"]
[EventType "swiss"]
[EventRounds "9"]
[EventCountry "RUS"]
[SourceTitle "CBM 137 Extra"]
[Source "ChessBase"]
[SourceDate "2010.09.01"]
[SourceVersion "1"]
[SourceVersionDate "2010.09.01"]
[SourceQuality "1"]

1. d4 Nf6 2. Nf3 g6 3. c4 Bg7 4. Nc3 d5 5. Qb3 dxc4 6. Qxc4 0-0 7. e4 a6 8. e5 b5 9. Qb3 Nfd7 10. e6 fxe6 11. Be3 Nb6 12. 0-0-0 Nd5 13. h4 Nxc3 14. bxc3 Qd5 15. h5 Qxb3 16. axb3 gxh5 17. Rxh5 Nd7 18. Bd3 Nf6 19. Rh4 Bd7 20. Ne5 Be8 21. g4 Bg6 22. Bxg6 hxg6 23. Nxg6 Rfe8 24. Nf4 Nd5 25. Nxe6 Bf6 26. g5 Kf7 27. Nxc7 Nxc7 28. gxf6 Kxf6 29. c4 bxc4 30. bxc4 a5 31. d5 a4 32. Bd4+ Kf5 33. f3 Rec8 34. Kd2 Rg8 35. Ke3 Rg2 36. Rf4+ Kg6 37. Rg4+ Rxg4 38. fxg4 Kg5 39. Bc5 Kxg4 40. Bxe7 a3 41. Ra1 a2 42. Kd3 Kf5 43. d6 Ne6 44. d7 Ra7 45. d8Q Nxd8 46. Bxd8 Rd7+ 47. Kc3 Rxd8 48. Rxa2 Ke6 49. Re2+ Kd7 50. Rd2+ Kc7 51. Rxd8 Kxd8 52. Kd4 Kc8 53. Kd5 Kd7 54. Kc5 Kc7 1/2-1/2

[Event "Koltsovo op"]
[Site "Koltsovo"]
[Date "2010.06.29"]
[Round "2"]
[White "Misyakov, Ilya"]
[Black "Bublei, Pavel"]
[Result "1-0"]
[WhiteElo "2042"]
[BlackElo "2249"]
[PlyCount "81"]
[EventDate "2010.06.28"]
[EventType "swiss"]
[EventRounds "9"]
[EventCountry "RUS"]
[SourceTitle "CBM 137 Extra"]
[Source "ChessBase"]
[SourceDate "2010.09.01"]
[SourceVersion "1"]
[SourceVersionDate "2010.09.01"]
[SourceQuality "1"]

1. e4 c6 2. d4 d5 3. Nc3 dxe4 4. Nxe4 Nf6 5. Ng3 g6 6. Nf3 Bg7 7. Bc4 0-0 8. 0-0 Nbd7 9. Bg5 Nb6 10. Bb3 a5 11. a3 Nbd5 12. Re1 h6 13. Bd2 Bg4 14. h3 Be6 15. Ne5 Kh7 16. c3 Qc8 17. Bc2 Nc7 18. Qe2 Nd7 19. Nxd7 Qxd7 20. Nh5 Nd5 21. Nxg7 Kxg7 22. Qe5+ Nf6 23. Qf4 Rh8 24. Re5 b5 25. Rae1 Rag8 26. Qg3 Kf8 27. a4 g5 28. axb5 cxb5 29. Rc5 Kg7 30. Qe5 Rb8 31. Bd3 b4 32. Rxa5 bxc3 33. Bxc3 Ra8 34. Rea1 Rxa5 35. Rxa5 Bd5 36. Rc5 e6 37. Bd2 Qd8 38. f4 gxf4 39. Bxf4 Rg8 40. Rc2 Bb7 41. Rf2 1-0

[Event "Novosibirsk Sputnik op"]
[Site "Novosibirsk"]
[Date "2010.06.22"]
[Round "6"]
[White "Ershov, Kirill"]
[Black "Misyakov, Ilya"]
[Result "0-1"]
[WhiteElo "1854"]
[BlackElo "2042"]
[PlyCount "76"]
[EventDate "2010.06.15"]
[EventType "swiss"]
[EventRounds "9"]
[EventCountry "RUS"]
[SourceTitle "EXT 2011"]
[Source "ChessBase"]
[SourceDate "2010.11.26"]
[SourceVersion "1"]
[SourceVersionDate "2010.11.26"]
[SourceQuality "1"]

1. e4 c5 2. Nf3 Nc6 3. Bb5 d6 4. Bxc6+ bxc6 5. h3 e5 6. 0-0 Nf6 7. Nc3 Be7 8. d3 0-0 9. Bg5 Rb8 10. b3 Be6 11. Na4 Nd7 12. Bxe7 Qxe7 13. c4 f5 14. Qd2 fxe4 15. Qg5 Qf7 16. dxe4 Bxh3 17. Qg3 Qh5 18. Ng5 Bg4 19. f3 Qxg5 20. Qxg4 Qxg4 21. fxg4 Nf6 22. Nc3 Nxg4 23. Rad1 Rxf1+ 24. Rxf1 Rf8 25. Rd1 Rf6 26. Rd3 Kf7 27. a3 a5 28. Na4 Ke6 29. Nb6 Nf2 30. Re3 h5 31. Re2 Ng4 32. Rd2 g5 33. Na4 Rf4 34. Nc3 Nf6 35. Re2 h4 36. Re3 g4 37. Kh2 g3+ 38. Kh3 Ng4 0-1

[Event "Novosibirsk Region-ch"]
[Site "Novosibirsk"]
[Date "2009.12.11"]
[Round "9"]
[White "Misyakov, Ilya"]
[Black "Bublei, Pavel"]
[Result "0-1"]
[WhiteElo "2046"]
[BlackElo "2237"]
[PlyCount "95"]
[EventDate "2009.12.04"]
[EventType "swiss"]
[EventRounds "9"]
[EventCountry "RUS"]
[SourceTitle "EXT 2011"]
[Source "ChessBase"]
[SourceDate "2010.11.26"]
[SourceVersion "1"]
[SourceVersionDate "2010.11.26"]
[SourceQuality "1"]

1. e4 c6 2. d4 d5 3. Nd2 dxe4 4. Nxe4 Nd7 5. Nf3 g6 6. Bc4 Nb6 7. Bb3 Bg7 8. Qe2 Bf5 9. Bd2 Bxe4 10. Qxe4 Nf6 11. Qe2 0-0 12. 0-0 Qc7 13. Rfe1 Rae8 14. Ng5 h6 15. Nh3 Qd7 16. Nf4 Nfd5 17. Nxd5 Nxd5 18. c4 Nc7 19. Rad1 Ne6 20. Qg4 Qxd4 21. Re4 Qxb2 22. Rxe6 fxe6 23. Qxg6 Qf6 24. Qg3 Rd8 25. Qe3 Rd4 26. Re1 Re4 27. Qxa7 Rxe1+ 28. Bxe1 Qe5 29. Qa5 Qxa5 30. Bxa5 Bd4 31. Be1 Kg7 32. Kf1 Kf6 33. Ke2 e5 34. f3 Ke6 35. Bd2 h5 36. Bg5 e4 37. f4 Bg1 38. h3 Bh2 39. Ke3 Kf5 40. Bc2 Bg1+ 41. Ke2 e5 42. g3 Rg8 43. Kf1 Be3 44. g4+ hxg4 45. hxg4+ Kxg4 46. Bxe4 exf4 47. Bf6 f3 48. Bc3 0-1

[Event "Naukograd Koltsovo op"]
[Site "Novosibirsk"]
[Date "2009.07.04"]
[Round "7"]
[White "Smetyukh, Vladimir"]
[Black "Misyakov, Ilya"]
[Result "1/2-1/2"]
[WhiteElo "1914"]
[BlackElo "2100"]
[PlyCount "62"]
[EventDate "2009.06.28"]
[EventType "swiss"]
[EventRounds "9"]
[EventCountry "RUS"]
[SourceTitle "EXT 2021"]
[Source "ChessBase"]
[SourceDate "2020.10.23"]
[SourceVersion "1"]
[SourceVersionDate "2020.10.23"]
[SourceQuality "1"]

1. e4 c5 2. Nc3 d6 3. f4 Nc6 4. Nf3 Nf6 5. Bc4 e6 6. 0-0 d5 7. exd5 exd5 8. Bb5 Be7 9. Ne5 Qd6 10. d3 0-0 11. Bxc6 bxc6 12. b3 Nd7 13. Nxd7 Bxd7 14. Ba3 Bf6 15. Qd2 Bd4+ 16. Kh1 Qf6 17. Bb2 Rfe8 18. Rab1 Bg4 19. Rfe1 Kf8 20. Nxd5 cxd5 21. c3 Bxc3 22. Bxc3 d4 23. Bb2 Qa6 24. a4 Bf5 25. Ba3 Qxd3 26. Bxc5+ Kg8 27. Qxd3 Bxd3 28. Rbc1 Rxe1+ 29. Rxe1 Bc2 30. Bxd4 Bxb3 31. Bxa7 Bxa4 1/2-1/2

[Event "Naukograd Koltsovo op"]
[Site "Novosibirsk"]
[Date "2009.07.03"]
[Round "6"]
[White "Misyakov, Ilya"]
[Black "Kamrukov, Alexey"]
[Result "1/2-1/2"]
[WhiteElo "2100"]
[BlackElo "1983"]
[PlyCount "56"]
[EventDate "2009.06.28"]
[EventType "swiss"]
[EventRounds "9"]
[EventCountry "RUS"]
[SourceTitle "EXT 2021"]
[Source "ChessBase"]
[SourceDate "2020.10.23"]
[SourceVersion "1"]
[SourceVersionDate "2020.10.23"]
[SourceQuality "1"]

1. d4 d5 2. Nf3 Nf6 3. c4 c6 4. Nc3 dxc4 5. a4 Bf5 6. e3 e6 7. Bxc4 Bb4 8. 0-0 Nbd7 9. Nh4 Bg6 10. Nxg6 hxg6 11. Qf3 Qc7 12. g3 e5 13. Rd1 exd4 14. exd4 0-0 15. Bf4 Bd6 16. Ne2 Nb6 17. b3 Nbd5 18. Bxd6 Qxd6 19. Nc3 Rad8 20. Bxd5 Nxd5 21. Ne4 Qb4 22. Rac1 Nb6 23. Nc5 Nd7 24. Nxd7 Rxd7 25. d5 Rfd8 26. dxc6 Rxd1+ 27. Rxd1 Rxd1+ 28. Qxd1 bxc6 1/2-1/2